| 000 | 00366nam a2200145Ia 4500 | ||
|---|---|---|---|
| 008 | 230917s9999||||xx |||||||||||||| ||und|| | ||
| 040 |
_e160386 _aMAIN |
||
| 041 | _aEnglish | ||
| 082 | _a338.4791 S75H | ||
| 100 | _aSethi, Praveen, ed. | ||
| 245 | 0 | _aHandbook of Island tourism | |
| 260 |
_aNew Delhi _bAnmol Publications _c1999 |
||
| 300 | _a307 p. | ||
| 942 | _cBK | ||
| 999 |
_c130471 _d130471 |
||